|
|
|
|
| LEADER |
00000nbm0a2200000 4500 |
| 001 |
180192 |
| 005 |
20240313112352.0 |
| 035 |
|
|
|a (RuTPU)RU\TPU\book\195342
|
| 090 |
|
|
|a 180192
|
| 100 |
|
|
|a 20100512d1969 k y0rusy50 ca
|
| 101 |
0 |
|
|a rus
|
| 102 |
|
|
|a RU
|
| 105 |
|
|
|a a p 001zy
|
| 200 |
1 |
|
|a Исследования по разработке теории и аппаратуры амальгамной полярографии с накоплением, повышение чувствительности метода и разработка методов определения 10[-6] 10[-9]% примесей в материалах, используемых в полупроводниковой технике, микроэлектронике и других отраслях новой техники
|e отчет о НИР
|f Томский политехнический институт (ТПИ) ; руководитель А. Г. Стромберг ; А. А. Каплин
|
| 210 |
|
|
|a Томск
|d 1969
|
| 215 |
|
|
|a 197 л.
|
| 320 |
|
|
|a Библиогр.: с. 195-197.
|
| 330 |
|
|
|a Из повышенных требований, предъявляемых к чистоте материалов, применяемых во многих новых областях техники (полупроводниковые и микроэлектронные приборы, атомная промышленность, квантовые генераторы и др.) , вытекает необходимость разработки новых чувствительных методов анализа и усовершенствование старых.Дальнейшее развитии одного из наиболее чувствительных в настоящее время и новых методов анализа веществ особой чистоты - метода полярографии с накоплением - нашло отражение в данном отчете.В работе изложены исследования, проведенные коллективом проблемном лаборатории физико-химических методов определения микропримесей в полупроводниковых и особочистых материалах при кафедре физической и коллоидной химии, по разработке теории, аппаратуры и аналитического приложения метода амальгамной полярографии с накоплением ( АПН ).Рассмотрен целый ряд принципиально новых теоретических вопросов метода АПН, таких как влияние температуры на амальгамно-полярографические характеристики металлов, теория ртутно-графитового электрода, влияние размеров электрода и температуры на ток анодного окисления металла, изучение кинетики растворения интерметаллического соединения ( и.м.с. ), в ртути методом АПН и др
|
| 610 |
1 |
|
|a отчеты о НИР
|
| 610 |
1 |
|
|a научные работы
|
| 610 |
1 |
|
|a труды учёных ТПУ
|
| 610 |
1 |
|
|a амальгамная полярография
|
| 610 |
1 |
|
|a накопление
|
| 610 |
1 |
|
|a разработка теории
|
| 610 |
1 |
|
|a аппаратура
|
| 610 |
1 |
|
|a примеси
|
| 610 |
1 |
|
|a определение
|
| 610 |
1 |
|
|a полупроводниковая техника
|
| 610 |
1 |
|
|a микроэлектроника
|
| 610 |
1 |
|
|a пленочная полярография
|
| 610 |
1 |
|
|a физико-химические методы
|
| 610 |
1 |
|
|a труды учёных ТПУ
|
| 675 |
|
|
|a 621.7м.2:5
|v 3
|
| 702 |
|
1 |
|a Стромберг
|b А. Г.
|c химик, специалист в области классической полярографии и инверсионной вольтамперометрии
|c профессор Томского политехнического института
|f 1910-2004
|g Армин Генрихович
|3 (RuTPU)RU\TPU\pers\11188
|4 673
|9 2478
|
| 702 |
|
1 |
|a Каплин
|b А. А.
|4 677
|
| 712 |
0 |
2 |
|a Томский политехнический институт
|c (1944-1991)
|3 (RuTPU)RU\TPU\col\1123
|9 23521
|
| 801 |
|
1 |
|a RU
|b 63413507
|c 20100512
|
| 801 |
|
2 |
|a RU
|b 63413507
|c 20110112
|g RCR
|
| 942 |
|
|
|c BK
|